| 000 | 01012nam a22002417a 4500 | ||
|---|---|---|---|
| 003 | OSt | ||
| 005 | 20180927090215.0 | ||
| 008 | 180226b xxu||||| |||| 00| 0 spa d | ||
| 020 | _a9509072745 | ||
| 040 | _cPJ | ||
| 100 |
_9487 _aChiappini, Julio Oscar |
||
| 245 | 1 | 3 |
_aEl proceso incidental / _cJulio O. Chiappini. |
| 260 |
_aBuenos Aires : _bUniversidad, _c1984. |
||
| 300 |
_a190 p. _c23 cm. |
||
| 500 | _aNotas y citas a pie de página. | ||
| 504 | _aBibliografía: p.185-190. | ||
| 505 | _aContenido: Determinación de la competencia -- Expediente más antiguo -- Artículo de previo y especial pronunciamiento -- Caducidad por falta de caución -- Excepción de incompetencia -- Prueba informativa - Cancelación de depósitos a plazo fijo -- Regulación de honorarios en los incidentes. | ||
| 650 | 0 |
_91148 _aDERECHO PROCESAL CIVIL |
|
| 650 | 0 |
_91953 _aPROCEDIMIENTO CIVIL |
|
| 650 | 0 |
_92349 _aJURISDICCION Y COMPETENCIA |
|
| 650 | 0 |
_92385 _aINCIDENTES |
|
| 942 |
_2udc _cLIB _h347.921 _iCHI |
||
| 999 |
_c1561 _d1561 |
||